000 00634nam a2200181Ia 4500
008 100921s9999 xx 000 0 und d
082 _b36225
_a891.433 0
100 _aशर्मा वेदप्रकाश.
245 _aहत्यारा कौन.
260 _bराधा पॉकेट बुक्स,मेरठ.
_c0
300 _a208
_b---
365 _b10
520 _aललित -हिंदी-कथा,कादं.
630 _aहत्यारा कौन.
650 _aललित -हिंदी-कथा,कादं.
730 _aहत्यारा कौन.
942 _cBOOK
999 _c785338
_d785335